Hodnotová analýza - strategická výhoda
Strategické výhody využitia hodnotovej analýzy prei stanovení trhovej ceny svojich výrobkov. Spokojnosť zákazníka a tým aj získanie efektívnej konkurenčnej výhody. Hodnotový manažment.Charakteristika, črty a zásady hodnotovej analýzy. Efektívnosť ako predpoklad komerčnej úspešnosti. Modelovanie cien...
Na minha lista:
| Autor principal: | |
|---|---|
| Formato: | Capítulo de Livro |
| Idioma: | eslovaco |
| Assuntos: | |
| Tags: |
Sem tags, seja o primeiro a adicionar uma tag!
|
MARC
| LEADER | 00000naa$a2200000$$$4500 | ||
|---|---|---|---|
| 001 | 0046851 | ||
| 005 | 20240502071535.6 | ||
| 041 | 0 | |a slo | |
| 044 | |a SK | ||
| 245 | 1 | 0 | |a Hodnotová analýza - strategická výhoda |c Pavol Serina |
| 520 | |a Strategické výhody využitia hodnotovej analýzy prei stanovení trhovej ceny svojich výrobkov. Spokojnosť zákazníka a tým aj získanie efektívnej konkurenčnej výhody. Hodnotový manažment.Charakteristika, črty a zásady hodnotovej analýzy. Efektívnosť ako predpoklad komerčnej úspešnosti. Modelovanie cien funkčne nákladovým prístupom. Stanovenie základnej ceny výrobku. Modelovanie trhovej ceny. | ||
| 610 | 2 | 0 | |a manažment hodnotový |
| 610 | 2 | 0 | |a inžinierstvo hodnotové |
| 610 | 2 | 0 | |a analýza hodnotová |
| 610 | 2 | 0 | |a analýza nákladov |
| 610 | 2 | 0 | |a ceny trhové |
| 610 | 2 | 0 | |a modelovanie |
| 610 | 2 | 0 | |a konkurencieschopnosť |
| 100 | 1 | |a Serina, Pavol | |